No stone unturned (Record no. 112704)

MARC details
000 -LEADER
fixed length control field 00648cam a22002055a 4500
001 - CONTROL NUMBER
control field L153799
008 - FIXED-LENGTH DATA ELEMENTS--GENERAL INFORMATION
fixed length control field 110905s2006 xxk f 000 0 eng d
020 ## - INTERNATIONAL STANDARD BOOK NUMBER
International Standard Book Number 9780955440601
035 ## - SYSTEM CONTROL NUMBER
System control number (Sirsi) u153799
041 0# - LANGUAGE CODE
Language code of text/sound track or separate title eng
050 04 - LIBRARY OF CONGRESS CALL NUMBER
Classification number 920 $2 18
100 1# - MAIN ENTRY--PERSONAL NAME
Personal name Weston Smith, John
245 00 - TITLE STATEMENT
Title No stone unturned
Remainder of title a history of the british land company 1856-2006
260 ## - PUBLICATION, DISTRIBUTION, ETC.
Place of publication, distribution, etc. London
Name of publisher, distributor, etc. The British Land Company PLC
Date of publication, distribution, etc. 2006
520 ## - SUMMARY, ETC.
Summary, etc. Details the history of the British Land Company, with specific focus on Sir John Ritblat's innovative company strategies.
590 ## - LOCAL NOTE (RLIN)
Local note KA
651 #4 - SUBJECT ADDED ENTRY--GEOGRAPHIC NAME
Geographic name United Kingdom
Chronological subdivision
690 ## - LOCAL SUBJECT ADDED ENTRY--TOPICAL TERM (OCLC, RLIN)
Topical term or geographic name as entry element PROPERTY
942 ## - ADDED ENTRY ELEMENTS (KOHA)
Suppress in OPAC 0
Holdings
Withdrawn status Lost status Source of classification or shelving scheme Damaged status Not for loan Home library Current library Shelving location Date acquired Total Checkouts Full call number Barcode Date last seen Copy number Price effective from Koha item type
    Dewey Decimal Classification     London London Books 05/09/2011   920 WES 30076661 06/08/2019 1 06/08/2019 Book